000 00786nab a22002057a 4500
005 20251013114511.0
006 a|||||r|||| 00| 0
007 ta
008 250819b2005 ag |||||o|||| 00| 0 spa d
040 _aAR-EsCIE
_cAR-EsCIE
245 1 0 _aSemillas de rosa mosqueta : dispersión y germinación en diferentes bosques nativos andino patagónico /
_cMaría Angélica Damascos, Ana H. Ladio, Adriana E., Rovere, Luciana Ghermandi
700 1 _aDamascos, María Angélica
_9917
700 1 _aLadio, Ana
_9291
700 1 _aRovere, Adriana E.
_q(Adriana Edit)
_9470
700 1 _aGhermandi, Luciana
_9644
773 _gVol.11 nº4 (2005) p.2-6.
_tPatagonia forestal
856 _uhttp://www.ciefap.org.ar/digitalizado/Pat_for_2005_2_4.pdf
910 _aPG20250819
942 _2ddc
_cCF
_n0
999 _c437
_d437